Statistics for SMITE Gods Quiz

Click here to take the quiz!

General Stats

  • This quiz has been taken 1,514 times
    (222 since last reset)
  • The average score is 63 of 124

Answer Stats

PantheonRoleGod% Correct
EgyptianMageRa
85%
GreekMageZeus
83%
GreekHunterArtemis
80%
NorseAssassinLoki
79%
GreekHunterApollo
75%
NorseWarriorOdin
75%
NorseAssassinThor
74%
GreekWarriorAchilles
73%
ArthurianWarriorKing Arthur
71%
EgyptianMageAnubis
70%
JapaneseWarriorAmaterasu
69%
HinduMageAgni
67%
GreekGuardianAres
67%
EgyptianHunterAnhur
66%
VoodooMageBaron Samedi
65%
GreekGuardianAthena
64%
Great Old OnesGuardianCthulhu
63%
EgyptianGuardianGeb
63%
GreekMageHades
63%
ArthurianMageMerlin
63%
SlavicMageBaba Yaga
61%
RomanWarriorHercules
61%
EgyptianWarriorHorus
61%
EgyptianAssassinSet
61%
MayanHunterAh Muzen Cab
60%
MayanMageAh Puch
60%
GreekMageAphrodite
60%
RomanGuardianBacchus
60%
EgyptianAssassinBastet
60%
NorseMageFreya
60%
HinduGuardianGanesha
60%
EgyptianHunterNeith
60%
NorseGuardianYmir
60%
RomanWarriorBellona
57%
GreekMagePoseidon
57%
CelticGuardianArtio
56%
BabylonianWarriorGilgamesh
56%
PolynesianAssassinPele
56%
HinduHunterRama
55%
YorubaGuardianYemoja
55%
GreekGuardianCerberus
54%
HinduWarriorShiva
54%
ChineseMageAo Kuang
53%
CelticWarriorCu Chulainn
53%
EgyptianWarriorOsiris
53%
NorseAssassinFenrir
52%
JapaneseHunterHachiman
52%
EgyptianMageIsis
52%
ArthurianMageMorgan Le Fay
52%
YorubaMageOlorun
52%
JapaneseAssassinSusano
52%
CelticMageThe Morrigan
52%
GreekAssassinArachne
51%
HinduAssassinBakasura
51%
HinduAssassinKali
51%
MayanMageKukulkan
51%
EgyptianGuardianSobek
51%
GreekMageHera
50%
JapaneseHunterIzanami
49%
ArthurianAssassinLancelot
49%
ChineseMageZhong Kui
49%
MayanAssassinAwilix
48%
MayanWarriorChaac
48%
ChineseMageChang'e
48%
SlavicHunterChernobog
48%
GreekMageChronos
48%
RomanHunterCupid
48%
ChineseWarriorGuan Yu
48%
GreekMageScylla
48%
NorseWarriorTyr
48%
NorseMageHel
47%
ChineseHunterHou Yi
47%
MayanAssassinHun Batz
47%
RomanMageJanus
47%
PolynesianGuardianMaui
47%
RomanAssassinMercury
47%
EgyptianMageThoth
47%
MayanHunterXbalanque
47%
GreekGuardianAtlas
46%
ChineseMageNu Wa
46%
HinduWarriorVamana
46%
MayanGuardianCabrakan
45%
NorseHunterHeimdallr
45%
EgyptianGuardianKhepri
45%
RomanMageVulcan
45%
MayanAssassinCamazotz
44%
GreekHunterChiron
44%
BabylonianHunterIshtar
44%
NorseGuardianJormungandr
44%
HinduAssassinRavana
44%
CelticHunterCernunnos
43%
ChineseWarriorMulan
43%
NorseMageSol
43%
GreekAssassinThanatos
43%
ChineseMageYu Huang
43%
ChineseHunterJing Wei
40%
GreekMagePersephone
40%
ChineseWarriorSun Wukong
40%
RomanGuardianSylvanus
40%
NorseHunterUllr
40%
NorseWarriorSurtr
39%
BabylonianMageTiamat
39%
ChineseGuardianXing Tian
39%
GreekHunterCharybdis
38%
NorseGuardianFafnir
38%
NorseHunterSkadi
38%
ChineseAssassinDa Ji
37%
EgyptianAssassinSerqet
37%
RomanMageNox
36%
JapaneseMageRaijin
36%
JapaneseAssassinTsukuyomi
36%
JapaneseHunterDanzaburou
34%
RomanMageDiscordia
34%
ChineseMageHe Bo
34%
GreekHunterMedusa
34%
GreekAssassinNemesis
34%
ChineseWarriorErlang Shen
33%
JapaneseGuardianKuzenbo
33%
CelticAssassinCliodhna
32%
HinduGuardianKumbhakarna
32%
ChineseAssassinNe Zha
32%
RomanGuardianTerra
32%
GreekWarriorNike
31%
NorseAssassinRatatoskr
31%

Score Distribution

Percentile by Number Answered

Percent of People with Each Score

Your Score History

You have not taken this quiz since the last reset